Denumerable Markov chains

Αποθηκεύτηκε σε:
Λεπτομέρειες βιβλιογραφικής εγγραφής
Κύριοι συγγραφείς: Kemeny, John G (Συγγραφέας), Snell, J. Laurie (Συγγραφέας), Knapp, Anthony W (Συγγραφέας)
Μορφή: Βιβλίο
Γλώσσα:Αγγλικά
Έκδοση: Nueva York Springer-Verlag 1976
Σειρά:Graduate Texts in Mathematics, 40
Θέματα:
Ετικέτες: Προσθήκη ετικέτας
Δεν υπάρχουν, Καταχωρήστε ετικέτα πρώτοι!

MARC

LEADER 00000nam a2200000 a 4500
001 UCP0024
003 CL-VaPUC
008 990128e19760000US |||||||||||||||||eng|d
082 0 4 |a 519.233  |b KEM  |2 21 
100 |a Kemeny, John G  |e author  |9 424820 
700 0 |a Snell, J. Laurie  |e author  |9 424814 
700 |a Knapp, Anthony W  |e author  |9 526150 
245 1 0 |a Denumerable Markov chains 
300 |a 484 p 
942 |c BK 
945 |d 19990128 00:00:00  |a crobeson 
260 |a Nueva York  |b Springer-Verlag  |c 1976 
650 0 |a Procesos de Markov  |9 270451 
650 0 |a Cadenas de Markov  |9 350699 
650 0 |a Procesos estocásticos   |9 260364 
650 7 |a CADENAS RECURRENTES  |2 CL-VaPUC  |9 424816 
650 7 |a CUERPOS ALEATORIOS  |2 CL-VaPUC  |9 424817 
650 7 |a TEORIA DE LIMITES  |2 CL-VaPUC  |9 424818 
650 7 |a TEORIA POTENCIAL  |2 CL-VaPUC  |9 424819 
583 |a last modification  |c 19990128 00:00:00  |k Rodrigo Vera 
490 0 |a Graduate Texts in Mathematics, 40 
999 |c 278910  |d 278908 
952 |0 0  |1 0  |4 0  |6 519_233000000000000_KEM_1976  |7 0  |8 A  |9 317725  |a BIBGIM  |b BIBGIM  |d 2019-11-20  |i 1320483  |o 519.233 KEM 1976  |p 1320483  |r 2025-01-15  |w 2019-11-20  |y BK  |k EST